<?xml version="1.0" encoding="UTF-8"?>
<record
    xmlns:xsi="http://www.w3.org/2001/XMLSchema-instance"
    xsi:schemaLocation="http://www.loc.gov/MARC21/slim http://www.loc.gov/standards/marcxml/schema/MARC21slim.xsd"
    xmlns="http://www.loc.gov/MARC21/slim">

  <leader>06856nam a2200481 i 4500</leader>
  <controlfield tag="001">ebr10806027</controlfield>
  <controlfield tag="003">CaPaEBR</controlfield>
  <controlfield tag="006">m     o  d        </controlfield>
  <controlfield tag="007">cr cn|||||||||</controlfield>
  <controlfield tag="008">100429t20112011njua    ob    000 0 eng|d</controlfield>
  <datafield tag="020" ind1=" " ind2=" ">
    <subfield code="z">9781556429354 (hc : alk. paper)</subfield>
  </datafield>
  <datafield tag="020" ind1=" " ind2=" ">
    <subfield code="z">1556429355 (hc : alk. paper)</subfield>
  </datafield>
  <datafield tag="020" ind1=" " ind2=" ">
    <subfield code="a">9781617118098 (e-book)</subfield>
  </datafield>
  <datafield tag="040" ind1=" " ind2=" ">
    <subfield code="a">CaPaEBR</subfield>
    <subfield code="b">eng</subfield>
    <subfield code="e">rda</subfield>
    <subfield code="e">pn</subfield>
    <subfield code="c">CaPaEBR</subfield>
  </datafield>
  <datafield tag="035" ind1=" " ind2=" ">
    <subfield code="a">(OCoLC)874967897</subfield>
  </datafield>
  <datafield tag="050" ind1="1" ind2="4">
    <subfield code="a">RE932</subfield>
    <subfield code="b">.C65 2011eb</subfield>
  </datafield>
  <datafield tag="082" ind1="0" ind2="4">
    <subfield code="a">617.7/55</subfield>
    <subfield code="2">22</subfield>
  </datafield>
  <datafield tag="245" ind1="0" ind2="2">
    <subfield code="a">A complete surgical guide for correcting astigmatism :</subfield>
    <subfield code="b">an ophthalmic manifesto /</subfield>
    <subfield code="c">Bonnie An Henderson, James P. Gills.</subfield>
  </datafield>
  <datafield tag="250" ind1=" " ind2=" ">
    <subfield code="a">Second edition.</subfield>
  </datafield>
  <datafield tag="264" ind1=" " ind2="1">
    <subfield code="a">Thorofare, New Jersey :</subfield>
    <subfield code="b">SLACK Inc.,</subfield>
    <subfield code="c">[2011]</subfield>
  </datafield>
  <datafield tag="264" ind1=" " ind2="4">
    <subfield code="c">&#xFFFD;2011</subfield>
  </datafield>
  <datafield tag="300" ind1=" " ind2=" ">
    <subfield code="a">1 online resource (259 pages) :</subfield>
    <subfield code="b">illustrations (some color)</subfield>
  </datafield>
  <datafield tag="336" ind1=" " ind2=" ">
    <subfield code="a">text</subfield>
    <subfield code="2">rdacontent</subfield>
  </datafield>
  <datafield tag="337" ind1=" " ind2=" ">
    <subfield code="a">computer</subfield>
    <subfield code="2">rdamedia</subfield>
  </datafield>
  <datafield tag="338" ind1=" " ind2=" ">
    <subfield code="a">online resource</subfield>
    <subfield code="2">rdacarrier</subfield>
  </datafield>
  <datafield tag="500" ind1=" " ind2=" ">
    <subfield code="a">Previous edition edited by James P. Gills.</subfield>
  </datafield>
  <datafield tag="504" ind1=" " ind2=" ">
    <subfield code="a">Includes bibliographical references.</subfield>
  </datafield>
  <datafield tag="505" ind1="0" ind2=" ">
    <subfield code="a">Surgical correction of astigmatism / Bonnie An Henderson ... [et al.] -- Diagnosing astigmatism / Mark Packer, Natalie A. Afshari, and Brian Alder -- Approach to the surgical correction of astigmatism at the time of cataract surgery / Eric C. Amesbury and Kevin M. Miller -- Correction of astigmatism by laser keratectomy / Isaac W. Porter and Dimitri T. Azar -- Treating astigmatism with conductive keratoplasty / Jason E. Stahl, Daniel S. Durrie, and Ryan T. Smith -- Astigmatic keratotomy : arcuate and transverse incisions for managing astigmatism / Anthony Lombardo and Richard Lindstrom -- Reducing pre-existing astigmatism with limbal relaxing incisions / James P. Gills ... [et al.] -- Minimizing preoperative cylinder with peripheral clear-corneal relaxing incisions / Randall J. Olson --</subfield>
  </datafield>
  <datafield tag="505" ind1="8" ind2=" ">
    <subfield code="a">Use of stromal pockets in the treatment of astigmatism / Michael Y. Wong -- Considerations in clear-corneal cataract surgery / Robert M. Kershner -- Management of astigmatism in conjunction with modern phaco surgery / Louis D. "Skip" Nichamin -- Bioptics for the pseudophakic patient / Louis D. "Skip" Nichamin -- Managing coupling in secondary astigmatic kerototomy / James P. Gills, Pit Gills, and J. James Rowsey -- Intraocular lens power calculation after prior laser refractive surgery / Kenneth J. Hoffer -- Toric intraocular lenses : history and applications / Surekha Maddula ... [et al.] -- The STAAR toric intraocular lens : indications and pearls / Stephen Bylsma and David F. Chang -- The use of AcrySof and ReSTOR toric intraocular lenses in the management of astigmatism / Derek W. DelMonte and Terry Kim --</subfield>
  </datafield>
  <datafield tag="505" ind1="8" ind2=" ">
    <subfield code="a">Repositioning toric intraocular lenses / David F. Chang -- Other toric intraocular lenses / Vanessa C. Pongo and Jorge L. Ali&#xFFFD;o -- Correction of astigmatism with toric intraocular lenses : correct marking and alignment / Jonathan B. Rubenstein -- Correcting high degrees of astigmatism / Lynn J. Poole-Perry and Bonnie An Henderson -- Correction of irregular astigmatism / Maria Regina Chalita and Ronald R. Krueger -- Diagnosis and management of traditional penetrating corneal transplant astigmatism / James C. Hays -- Reducing post-graft astigmatism / Miles H. Friedlander -- Treatment of keratoconus / Maria A. Woodward and R. Doyle Stulting -- Treatment of keratoconus : astigmatic keratotomy and intraocular lenses / J. James Rowsey, James P. Gills, and Pit Gills -- Astigmatic management of peripheral corneal thinning / Anil Vedula and Sonia H. Yoo.</subfield>
  </datafield>
  <datafield tag="505" ind1="8" ind2=" ">
    <subfield code="a">Surgical correction of astigmatism / Bonnie An Henderson ... [et al.] -- Diagnosing astigmatism / Mark Packer, Natalie A. Afshari, and Brian Alder -- Approach to the surgical correction of astigmatism at the time of cataract surgery / Eric C. Amesbury and Kevin M. Miller -- Correction of astigmatism by laser keratectomy / Isaac W. Porter and Dimitri T. Azar -- Treating astigmatism with conductive keratoplasty / Jason E. Stahl, Daniel S. Durrie, and Ryan T. Smith -- Astigmatic keratotomy : arcuate and transverse incisions for managing astigmatism / Anthony Lombardo and Richard Lindstrom -- Reducing pre-existing astigmatism with limbal relaxing incisions / James P. Gills ... [et al.] -- Minimizing preoperative cylinder with peripheral clear-corneal relaxing incisions / Randall J. Olson --</subfield>
  </datafield>
  <datafield tag="505" ind1="8" ind2=" ">
    <subfield code="a">Use of stromal pockets in the treatment of astigmatism / Michael Y. Wong -- Considerations in clear-corneal cataract surgery / Robert M. Kershner -- Management of astigmatism in conjunction with modern phaco surgery / Louis D. "Skip" Nichamin -- Bioptics for the pseudophakic patient / Louis D. "Skip" Nichamin -- Managing coupling in secondary astigmatic kerototomy / James P. Gills, Pit Gills, and J. James Rowsey -- Intraocular lens power calculation after prior laser refractive surgery / Kenneth J. Hoffer -- Toric intraocular lenses : history and applications / Surekha Maddula ... [et al.] -- The STAAR toric intraocular lens : indications and pearls / Stephen Bylsma and David F. Chang -- The use of AcrySof and ReSTOR toric intraocular lenses in the management of astigmatism / Derek W. DelMonte and Terry Kim --</subfield>
  </datafield>
  <datafield tag="505" ind1="8" ind2=" ">
    <subfield code="a">Repositioning toric intraocular lenses / David F. Chang -- Other toric intraocular lenses / Vanessa C. Pongo and Jorge L. Ali&#xFFFD;o -- Correction of astigmatism with toric intraocular lenses : correct marking and alignment / Jonathan B. Rubenstein -- Correcting high degrees of astigmatism / Lynn J. Poole-Perry and Bonnie An Henderson -- Correction of irregular astigmatism / Maria Regina Chalita and Ronald R. Krueger -- Diagnosis and management of traditional penetrating corneal transplant astigmatism / James C. Hays -- Reducing post-graft astigmatism / Miles H. Friedlander -- Treatment of keratoconus / Maria A. Woodward and R. Doyle Stulting -- Treatment of keratoconus : astigmatic keratotomy and intraocular lenses / J. James Rowsey, James P. Gills, and Pit Gills -- Astigmatic management of peripheral corneal thinning / Anil Vedula and Sonia H. Yoo.</subfield>
  </datafield>
  <datafield tag="588" ind1=" " ind2=" ">
    <subfield code="a">Description based on print version record.</subfield>
  </datafield>
  <datafield tag="590" ind1=" " ind2=" ">
    <subfield code="a">Electronic reproduction. Palo Alto, Calif. : ebrary, 2013. Available via World Wide Web. Access may be limited to ebrary affiliated libraries.</subfield>
  </datafield>
  <datafield tag="650" ind1=" " ind2="0">
    <subfield code="a">Astigmatism</subfield>
    <subfield code="x">Surgery.</subfield>
  </datafield>
  <datafield tag="655" ind1=" " ind2="0">
    <subfield code="a">Electronic books.</subfield>
  </datafield>
  <datafield tag="700" ind1="1" ind2=" ">
    <subfield code="a">Henderson, Bonnie An.</subfield>
  </datafield>
  <datafield tag="700" ind1="1" ind2=" ">
    <subfield code="a">Gills, James P.,</subfield>
    <subfield code="d">1934-</subfield>
  </datafield>
  <datafield tag="776" ind1="0" ind2="8">
    <subfield code="i">Print version:</subfield>
    <subfield code="t">Complete surgical guide for correcting astigmatism : an ophthalmic manifesto.</subfield>
    <subfield code="d">Thorofare, New Jersey : SLACK Inc., [2011]</subfield>
    <subfield code="h">xvi, 240 pages ; 29 cm</subfield>
    <subfield code="z">9781556429354</subfield>
    <subfield code="w">(OCoLC)ocn612188715</subfield>
    <subfield code="w">(DLC)10806027</subfield>
  </datafield>
  <datafield tag="797" ind1="2" ind2=" ">
    <subfield code="a">ebrary.</subfield>
  </datafield>
  <datafield tag="856" ind1="4" ind2="0">
    <subfield code="u">http://site.ebrary.com/lib/rucke/Doc?id=10806027</subfield>
    <subfield code="z">An electronic book accessible through the World Wide Web; click to view</subfield>
  </datafield>
  <datafield tag="999" ind1=" " ind2=" ">
    <subfield code="c">146933</subfield>
    <subfield code="d">146933</subfield>
  </datafield>
</record>
